| 000 | 01758nam a2200265Ia 4500 | ||
|---|---|---|---|
| 008 | 260220t1998||||xx |||||||||||||| ||spa|| | ||
| 020 | _a8477641188 | ||
| 040 |
_aPY-SlUNAC _bspa _erda |
||
| 041 | _aspa | ||
| 082 |
_a540 _bM923em |
||
| 245 | 0 |
_aEl mundo de la química : _bcurso teórico práctico |
|
| 250 | _aSegunda edición | ||
| 264 |
_aBarcelona : _bOcéano, _c℗1998. |
||
| 300 | _a961 páginas | ||
| 490 |
_a _vtomo 1 |
||
| 520 | _a"El mundo de la química: curso teórico práctico" es una obra que ofrece una introducción integral a los principios fundamentales de la química, combinando teoría y práctica de manera accesible. El libro aborda temas esenciales como la estructura atómica, los enlaces químicos, las reacciones y las propiedades de los compuestos, facilitando la comprensión de conceptos complejos mediante ejemplos claros y experimentos ilustrativos. A lo largo de sus capítulos, se enfatiza la importancia de la química en la vida cotidiana y su aplicación en diversas disciplinas, desde la biología hasta la ingeniería. El enfoque didáctico se complementa con ejercicios prácticos que permiten a los lectores afianzar su aprendizaje y desarrollar habilidades experimentales. Con un lenguaje claro y recursos visuales atractivos, esta obra es ideal tanto para estudiantes como para aquellos interesados en profundizar en el fascinante mundo de la química, promoviendo así un entendimiento más sólido y una apreciación por esta ciencia fundamental. | ||
| 653 | _aCiencias naturales | ||
| 653 | _aEducación | ||
| 653 | _aQuímica | ||
| 942 |
_b2026/02/17 _cBK |
||
| 999 |
_c7830 _d7830 |
||